Conjuring en 50 clics - Statistiques

Statistiques générales
  • Ce quiz a été pris 89 fois
  • Le résultat moyen est 32 sur 50
Statistiques - réponses
Hint Réponse % Correct
Conjuring 1, les dossiers Warren (2013)
85%
Conjuring 1, les dossiers Warren (2013)
82%
Conjuring 1, les dossiers Warren (2013)
80%
Conjuring 1, les dossiers Warren (2013)
80%
Conjuring 1, les dossiers Warren (2013)
78%
Conjuring 2 : le cas Enfield (2016)
78%
Conjuring 1, les dossiers Warren (2013)
77%
Conjuring 2 : le cas Enfield (2016)
77%
Conjuring 2 : le cas Enfield (2016)
75%
Conjuring 4 : L'Heure du jugement (2025)
75%
Conjuring 1, les dossiers Warren (2013)
73%
Conjuring 1, les dossiers Warren (2013)
73%
Conjuring 1, les dossiers Warren (2013)
72%
Conjuring 1, les dossiers Warren (2013)
72%
Conjuring 2 : le cas Enfield (2016)
72%
Conjuring 4 : L'Heure du jugement (2025)
72%
Conjuring 2 : le cas Enfield (2016)
70%
Conjuring 2 : le cas Enfield (2016)
70%
Conjuring 3 : Sous l'emprise du Diable (2021)
70%
Conjuring 1, les dossiers Warren (2013)
68%
Conjuring 3 : Sous l'emprise du Diable (2021)
68%
Conjuring 3 : Sous l'emprise du Diable (2021)
68%
Conjuring 1, les dossiers Warren (2013)
67%
Conjuring 2 : le cas Enfield (2016)
67%
Conjuring 2 : le cas Enfield (2016)
67%
Conjuring 3 : Sous l'emprise du Diable (2021)
67%
Conjuring 1, les dossiers Warren (2013)
65%
Conjuring 2 : le cas Enfield (2016)
65%
Conjuring 3 : Sous l'emprise du Diable (2021)
65%
Conjuring 4 : L'Heure du jugement (2025)
65%
Conjuring 2 : le cas Enfield (2016)
63%
Conjuring 4 : L'Heure du jugement (2025)
63%
Conjuring 3 : Sous l'emprise du Diable (2021)
62%
Conjuring 1, les dossiers Warren (2013)
60%
Conjuring 2 : le cas Enfield (2016)
60%
Conjuring 3 : Sous l'emprise du Diable (2021)
60%
Conjuring 2 : le cas Enfield (2016)
58%
Conjuring 4 : L'Heure du jugement (2025)
58%
Conjuring 3 : Sous l'emprise du Diable (2021)
55%
Conjuring 3 : Sous l'emprise du Diable (2021)
55%
Conjuring 4 : L'Heure du jugement (2025)
55%
Conjuring 4 : L'Heure du jugement (2025)
55%
Conjuring 4 : L'Heure du jugement (2025)
52%
Conjuring 2 : le cas Enfield (2016)
50%
Conjuring 1, les dossiers Warren (2013)
47%
Conjuring 4 : L'Heure du jugement (2025)
47%
Conjuring 2 : le cas Enfield (2016)
45%
Conjuring 3 : Sous l'emprise du Diable (2021)
40%
Conjuring 4 : L'Heure du jugement (2025)
38%
Conjuring 2 : le cas Enfield (2016)
37%
Aucun quiz correspondant
Distribution des résultats
% des personnes avec chaque résultat
Percentile par nombre de réponses
Votre historique - résultats
Vous n’avez pas pris ce quiz